| 000 | 00491nam a2200145 a 4500 | ||
|---|---|---|---|
| 008 | 120416s1958 ||||||||||||||||| || u | ||
| 050 | _aTA 439 Mor | ||
| 100 | _aMorice, Peter Beaumond | ||
| 245 | 1 | 0 | _aPrestressed concrete |
| 246 | _atheory and practice | ||
| 260 |
_aLondon _bPitman _c1958 |
||
| 300 | _aviii, 394p. : ill | ||
| 350 | _a0.00 | ||
| 995 |
_D0.00 _FCBU-MAIN LIBRARY (Kitwe) _H1 _I2.50 _M1 _UDAMAGED _ZMain Library Open Access Collection |
||
| 999 |
_c54411 _d54411 |
||